000 00444nam a2200169Ia 4500
008 240830s2009 xx 000 0 und d
041 _amar
082 _a610/SHA
100 _aRAJWADE N S
245 _aKOUMARBHRUTYA TANTRA ( STREE VIDNYANIYA )
250 _a5
260 _aPUNE
_bVAIDYAMITRA PRAKASHAN
_c2009
300 _a694p
650 _aGYANECOLOGY
906 _aKOUMARBHRUTYA TANTRA ( STREE VIDNYANIYA )
999 _c1201104
_d1201104